Сборник трудов. Вып. 15: Борьба со смерзаемостью навалочных грузов (Запись № 13630173)

Подробности
000 -МАРКЕР
контрольное поле 01048nam2a2200229 4500
001 - ИДЕНТИФИКАТОР ЗАПИСИ
контрольное поле rc\2987990
005 - ИДЕНТИФИКАТОР ВЕРСИИ
контрольное поле 20260315071230.0
035 ## - ДРУГИЕ СИСТЕМНЫЕ НОМЕРА
Идентификатор записи (NLR Aleph) 007207570
100 ## - ДАННЫЕ ОБЩЕЙ ОБРАБОТКИ
Данные общей обработки 20110913d1940 u y0rusy50 ca
101 0# - ЯЗЫК РЕСУРСА
Язык текста, звукозаписи и т.д. русский
102 ## - СТРАНА ПУБЛИКАЦИИ ИЛИ ПРОИЗВОДСТВА
Страна публикации Российская Федерация
105 ## - ПОЛЕ КОДИРОВАННЫХ ДАННЫХ: ТЕКСТОВЫЕ МАТЕРИАЛЫ, МОНОГРАФИЧЕСКИЕ
Кодированные данные о монографическом текстовом документе y z |||||
200 1# - ЗАГЛАВИЕ И СВЕДЕНИЯ ОБ ОТВЕТСТВЕННОСТИ
Основное заглавие Борьба со смерзаемостью навалочных грузов
210 ## - ПУБЛИКАЦИЯ, РАСПРОСТРАНЕНИЕ И ДР.
Дата издания, распространения и т.д. 1940
461 #0 - УРОВЕНЬ НАБОРА
Встроенное поле 001rc\2987978
-- 2001#$aСборник трудов$eВып. 2-$fХарьк. ин-т инженеров ж. д. транспорта$vВып. 15
Системный номер (АБИС) связанной записи 7658745
Автор Харьковский институт инженеров железнодорожного транспорта
Место публикации Харьков
Дата публикации 1934
Первые сведения об ответственности Харьк. ин-т инженеров ж. д. транспорта
Имя издателя, распространителя и т.д. Гос. науч.-техн. изд-во Украины
Сведения, относящиеся к заглавию Вып. 2-
Заглавие Сборник трудов
Номер тома Вып. 15
700 #1 - ИМЯ ЛИЦА - ПЕРВИЧНАЯ ОТВЕТСТВЕННОСТЬ
Начальный элемент ввода Вейзер
Часть имени, кроме начального элемента ввода В.К.
801 #0 - ИСТОЧНИК ЗАПИСИ
Страна Российская Федерация
Организация NLR
Правила каталогизации psbo
801 #1 - ИСТОЧНИК ЗАПИСИ
Страна Российская Федерация
Организация ELAR
Источник данных rusmarc
852 ## - МЕСТОНАХОЖДЕНИЕ И ШИФР ХРАНЕНИЯ
Идентификатор организации NLR
Шифр хранения (Call Number) 34-18/809
942 ## - ДОПОЛНИТЕЛЬНЫЕ ЭЛЕМЕНТЫ ЗАПИСИ (АБИС)
Тип экземпляра АБИС Неопределено
980 ## - КОЛЛЕКЦИЯ
Название коллекции Национальная библиография

Нет доступных экземпляров.